ARRUPE JESUIT UNIVERSITY

CORONAVIRUS -STOP THE SPREAD - CLEAN,DISINFECT,COVER

Against inflation; (Record no. 131874)

MARC details
000 -LEADER
fixed length control field 00510nam a22001457a 4500
008 - FIXED-LENGTH DATA ELEMENTS--GENERAL INFORMATION
fixed length control field 240426b |||||||| |||| 00| 0 eng d
020 ## - INTERNATIONAL STANDARD BOOK NUMBER
International Standard Book Number 0333259742
050 ## - LIBRARY OF CONGRESS CALL NUMBER
Classification number HG939.5
100 ## - MAIN ENTRY--PERSONAL NAME
Personal name Robbins,Lord
9 (RLIN) 52680
245 ## - TITLE STATEMENT
Title Against inflation;
Remainder of title speeches in the second chamber 1965-1977.
Statement of responsibility, etc Lord . Robbins
260 ## - PUBLICATION, DISTRIBUTION, ETC. (IMPRINT)
Place of publication, distribution, etc Great Britain:
Name of publisher, distributor, etc The Macmillan Press LtD,
Date of publication, distribution, etc 1979.
300 ## - PHYSICAL DESCRIPTION
Extent xii;
Other physical details 115p,
Dimensions 23cm.
650 ## - SUBJECT ADDED ENTRY--TOPICAL TERM
Topical term or geographic name as entry element Great Britain;
Form subdivision Inflation (finance).
General subdivision addresses, essays, lectures
9 (RLIN) 52681
942 ## - ADDED ENTRY ELEMENTS (KOHA)
Source of classification or shelving scheme Library of Congress Classification
Item type Monograph ( Printed materials)
Holdings
Withdrawn status Lost status Source of classification or shelving scheme Damaged status Not for loan Home library Current library Shelving location Date acquired Total Checkouts Full call number Barcode Date last seen Price effective from Koha item type
    Library of Congress Classification     ARRUPE LIBRARY ARRUPE LIBRARY Main Collection 26/04/2024   HG939.5 46700000392 26/04/2024 26/04/2024 Monograph ( Printed materials)

 

Arrupe Library. PO Box MP320 Mt Pleasant, Harare, Zimbabwe
263 242 745411|librarian@aju.ac.zw